000 00853nam a2200229Ia 4500
003 GCL
008 140319s9999 xx 000 0 ara d
040 _aGCL /
_cGCL
082 0 4 _a346.02
_bع م
100 1 _aعبدالحميد الشواربى
_vPurified
_@
…هذب
245 1 0 _aالمشكلات العملية فى دعوى صحة التعاقد فى تنفيذ عقد البيع وحلولها القانونية /
_cعبدالحميد الشواربى
700 1 _aعزالدين الدناصورى
260 _a[S.N] :
_bمكتبه النهضه المصريه ،
_c1990
300 _a860 ص
490 _aسلسلة الكتب القانونية
_v0
650 0 4 _aالقانون
650 0 4 _aالقانون المدنى
650 0 4 _aالعقود
650 0 4 _aالحيازة
650 0 4 _aالملكية
942 _2ddc
_cBK
999 _c56011
_d56011